| 000 | 00611nam a2200229Ia 4500 | ||
|---|---|---|---|
| 003 | OSt | ||
| 005 | 20220928120902.0 | ||
| 006 | a|||||r|||| 00| 0 | ||
| 007 | ta | ||
| 008 | 220927b |||||||| |||| 00| 0 eng d | ||
| 024 | _a34800 | ||
| 037 | _cTextual | ||
| 040 |
_aSDCL _cSDCL _beng |
||
| 041 |
_2eng _aeng |
||
| 082 | _aV2:24'N4, K9 | ||
| 100 |
_aHodson H V _9374321 |
||
| 245 | 0 |
_aGreat divide _b Britain India Pakistan |
|
| 260 |
_aLondon _bHutchinson of London _c1969 |
||
| 300 |
_axii,563p _ccm. |
||
| 942 |
_hV2:24'N4, K9 _cTEXL _2CC |
||
| 999 |
_c765399 _d765399 |
||